Spell the Marvel Character #62 - Statistics

General Stats
  • This quiz has been taken 36 times
  • The average score is 5 of 8
Answer Stats
Picture Answer % Correct
Doctor Strange
100%
Ant-Man
97%
Rocket Raccoon
97%
Elektra
83%
Dazzler
38%
Longshot
38%
Zombie
28%
Zira
7%
No matching quizzes found
Score Distribution
Percent of People with Each Score
Percentile by Number Answered
Your Score History
You have not taken this quiz